000 01517nam a22004337a 4500
003 CHAP
005 20220329134335.0
008 971013s1987 r 00010 d
010 _a19029
011 _a20001
035 _a24088
040 _cCHAP
090 _aTesis
100 0 0 _aAlvarez Rivero, Julio César.
_94974
245 _aEvaluación del proyecto de inversión para una planta de fertilizantes fluídos
260 _aChapingo, Méx., :
_bEl autor,
_c1987
300 _a118 h
500 _ac.4 en bodega
502 _aTesis (M.C. Esp. en Economía Agrícola) -- CP. Centro de Economía
590 _aALEPH
_b10
_c20130110
_lUCH01
_h1242
590 _aBATCH-UPD
_b10
_c20130110
_lUCH01
_h0009
590 _aBATCH-UPD
_b10
_c20130110
_lUCH01
_h1256
590 _aBATCH-UPD
_b10
_c20130409
_lUCH01
_h1945
590 _aBATCH-UPD
_b10
_c20130410
_lUCH01
_h0816
590 _aBATCH-UPD
_b10
_c20130913
_lUCH01
_h1909
590 _aCONVERSION
_b10
_c20130109
_lUCH01
_h1312
650 1 4 _aAcido fosfórico.
_9585
650 1 4 _aAmoniaco anhidro como fertilizante.
_95417
650 1 4 _aFertilizantes fosfatados.
_940592
650 1 4 _aFertilizantes nitrogenados.
_940596
650 1 4 _aFertilizantes.
_940447
650 1 4 _aProyectos industriales.
_992531
650 1 4 _aProyectos
_xEvaluación.
_992525
901 _aBK
942 _cFOLL
949 _bBC
_cTES
_d-55694
_eTS1
_h19743
_i24088
_si
949 _bBC
_cTES
_d-55696
_eTS2
_fc.3
_h19743
_i24088
_si
949 _bBC
_cTES
_d33724000947917
_eTS2
_fc.2
_h19744
_i24088
_si
999 _c19029
_d19029